000 00334 a2200109 4500
001 ART_12384
005 20260410161905.0
008 260409a
245 1 0 _aA reply to Professors Maasoumi and Phillips
100 1 _aHendry, David F.
773 0 _tJournal of econometrics
_g- Vol. 19, NÂș 2/3 (ago. 1982)
_wREV11720
999 _c26313
_d26313